[Event "RSA-ch U14 Girls"]
[Site "Gauteng"]
[Date "2017.04.11"]
[Round "11"]
[White "Bester, Carla"]
[Black "Gardiner, Noa Saxon"]
[Result "0-1"]
[WhiteElo "1081"]
[BlackElo "1279"]
[PlyCount "74"]
[EventDate "2017.04.05"]
[EventType "swiss"]
[EventRounds "11"]
[EventCountry "RSA"]
[SourceTitle "CBM 177 Extra"]
[Source "ChessBase"]
[SourceDate "2017.04.27"]
[SourceVersion "1"]
[SourceVersionDate "2017.04.27"]
[SourceQuality "1"]

1. e4 d5 2. exd5 Qxd5 3. Nc3 Qd6 4. Nb5 Qb6 5. a4 a6 6. a5 Qe6+ 7. Be2 axb5 8. Nf3 Qg6 9. g3 c6 10. 0-0 Qd6 11. d4 Qd8 12. b4 Bg4 13. Ne5 Bxe2 14. Qxe2 Qxd4 15. c3 Qd5 16. Rd1 Qe6 17. Bf4 f6 18. Qh5+ g6 19. Nxg6 Qf7 20. Bc7 Na6 21. Bb6 Qxg6 22. Qe2 Bg7 23. Qe6 Kf8 24. Rd2 Qf7 25. Qd7 Qe8 26. Qxb7 Kf7 27. Rad1 Qc8 28. Qxa8 Qxa8 29. Rd8 Qxd8 30. Bxd8 Nh6 31. Rd7 Re8 32. Ra7 Nxb4 33. cxb4 Rxd8 34. Rc7 Rd1+ 35. Kg2 Rb1 36. a6 Rxb4 37. Rxc6 Ra4 0-1

[Event "RSA-ch U14 Girls"]
[Site "Bloemfontein"]
[Date "2016.03.20"]
[Round "1"]
[White "Moffat, Mathabo"]
[Black "Bester, Carla"]
[Result "0-1"]
[WhiteElo "1291"]
[BlackElo "1074"]
[PlyCount "40"]
[EventDate "2016.03.20"]
[EventType "swiss"]
[EventRounds "11"]
[EventCountry "RSA"]
[SourceTitle "CBM 171 Extra"]
[Source "ChessBase"]
[SourceDate "2016.04.26"]
[SourceVersion "1"]
[SourceVersionDate "2016.04.26"]
[SourceQuality "1"]

1. e4 c5 2. Nf3 Nc6 3. Bc4 g6 4. d4 cxd4 5. Nxd4 Bg7 6. Be3 Nf6 7. Nc3 Qa5 8. 0-0 0-0 9. Nb3 Qb4 10. Qe2 Ne5 11. Bd3 b6 12. a3 Qd6 13. Nd1 Neg4 14. g3 Nxe3 15. fxe3 Qe5 16. Qf3 d5 17. Qf4 Ng4 18. Re1 Qh5 19. Re2 Bh6 20. Qf3 Qe5 0-1

[Event "RSA-ch U12 Girls"]
[Site "Waterkloof"]
[Date "2015.04.07"]
[Round "5"]
[White "Bester, Carla"]
[Black "Moodley, Karmishta"]
[Result "0-1"]
[WhiteElo "1132"]
[BlackElo "1278"]
[PlyCount "52"]
[EventDate "2015.04.04"]
[EventType "swiss"]
[EventRounds "9"]
[EventCountry "RSA"]
[SourceTitle "CBM 166 Extra"]
[Source "ChessBase"]
[SourceDate "2015.06.18"]
[SourceVersion "1"]
[SourceVersionDate "2015.06.18"]
[SourceQuality "1"]

1. e4 e5 2. Nf3 Nc6 3. d4 exd4 4. Nxd4 Bc5 5. Be3 Qf6 6. c3 Qg6 7. Nb5 Bxe3 8. fxe3 Kd8 9. Qf3 Nf6 10. Nd2 Re8 11. Qf4 d6 12. Bc4 Ne5 13. 0-0-0 a6 14. Na3 Bg4 15. Rde1 Nxc4 16. Naxc4 Nxe4 17. h3 Bd7 18. h4 h5 19. g3 b5 20. Na5 Nxd2 21. Kxd2 Re4 22. Qf3 Bg4 23. Qg2 Kd7 24. Kd3 Rae8 25. Qg1 Rxe3+ 26. Kd4 Qe4# 0-1

[Event "RSA-ch U12 Girls"]
[Site "Waterkloof"]
[Date "2015.04.06"]
[Round "4"]
[White "Naidoo, Priyasha"]
[Black "Bester, Carla"]
[Result "0-1"]
[WhiteElo "1072"]
[BlackElo "1132"]
[PlyCount "60"]
[EventDate "2015.04.04"]
[EventType "swiss"]
[EventRounds "9"]
[EventCountry "RSA"]
[SourceTitle "CBM 166 Extra"]
[Source "ChessBase"]
[SourceDate "2015.06.18"]
[SourceVersion "1"]
[SourceVersionDate "2015.06.18"]
[SourceQuality "1"]

1. e4 c5 2. Nf3 Nc6 3. d4 cxd4 4. Nxd4 g6 5. Nc3 Bg7 6. Be3 Nf6 7. f3 0-0 8. Qd2 d5 9. exd5 Nxd5 10. 0-0-0 Nxe3 11. Qxe3 Nxd4 12. Qf2 Qb6 13. Qd2 Rd8 14. Qe1 Be6 15. Bd3 Qa5 16. a3 Bf5 17. Qxe7 Bxd3 18. Rxd3 Nb3+ 19. Kb1 Rxd3 20. cxd3 Qb6 21. Rd1 Nc5 22. Ka1 Bxc3 23. bxc3 Na4 24. Rb1 Qd8 25. Rxb7 Qxe7 26. Rxe7 Nxc3 27. Kb2 Na4+ 28. Ka2 Rb8 29. Rxa7 Nc3+ 30. Ka1 Rb1# 0-1